<?xml version="1.0" encoding="UTF-8" ?>
<collection xmlns="http://www.loc.gov/MARC21/slim"><record><leader>01040nam a2200265   4500</leader><controlfield tag="001">231005</controlfield><controlfield tag="003">CH-000273-5</controlfield><controlfield tag="005">20250806141245.0</controlfield><datafield tag="020" ind1=" " ind2=" "><subfield code="a">978-1-935963-32-5</subfield></datafield><datafield tag="040" ind1=" " ind2=" "><subfield code="a">CH-000273-5</subfield><subfield code="b">ger</subfield><subfield code="e">rda</subfield></datafield><datafield tag="041" ind1="0" ind2=" "><subfield code="a">eng</subfield></datafield><datafield tag="245" ind1="0" ind2="0"><subfield code="a">Ways of knowing</subfield><subfield code="c">edited by Rosario Güiraldes ; Walker Art Center, Minneapolis</subfield></datafield><datafield tag="250" ind1=" " ind2=" "><subfield code="a">First edition</subfield></datafield><datafield tag="264" ind1=" " ind2="1"><subfield code="a">Minneapolis</subfield><subfield code="b">Walker Art Center</subfield><subfield code="c">[2025]</subfield></datafield><datafield tag="300" ind1=" " ind2=" "><subfield code="a">249 Seiten</subfield><subfield code="b">Illustrationen</subfield><subfield code="c">31 cm</subfield></datafield><datafield tag="336" ind1=" " ind2=" "><subfield code="a">Text</subfield><subfield code="b">txt</subfield><subfield code="2">rdacontent</subfield></datafield><datafield tag="336" ind1=" " ind2=" "><subfield code="a">unbewegtes Bild</subfield><subfield code="b">sti</subfield><subfield code="2">rdacontent</subfield></datafield><datafield tag="337" ind1=" " ind2=" "><subfield code="a">ohne Hilfsmittel zu benutzen</subfield><subfield code="b">n</subfield><subfield code="2">rdamedia</subfield></datafield><datafield tag="338" ind1=" " ind2=" "><subfield code="a">Band</subfield><subfield code="b">nc</subfield><subfield code="2">rdacarrier</subfield></datafield><datafield tag="650" ind1=" " ind2="7"><subfield code="a">Wissensvermittlung</subfield><subfield code="g">Motiv</subfield><subfield code="x">Wissensproduktion</subfield><subfield code="x">Erkenntnistheorie</subfield><subfield code="x">Kunst</subfield><subfield code="y">Geschichte 2015-2025</subfield><subfield code="2">gnd</subfield></datafield><datafield tag="655" ind1=" " ind2="7"><subfield code="a">Ausstellungskatalog</subfield><subfield code="x">Walker Art Center</subfield><subfield code="y">08.03.2025-07.09.2025</subfield><subfield code="z">Minneapolis, Minn.</subfield><subfield code="2">gnd-content</subfield></datafield><datafield tag="655" ind1=" " ind2="7"><subfield code="a">Bildband</subfield><subfield code="2">gnd-content</subfield></datafield><datafield tag="700" ind1="1" ind2=" "><subfield code="a">Güiraldes, Rosario</subfield><subfield code="e">Herausgeber</subfield><subfield code="4">edt</subfield></datafield><datafield tag="710" ind1="2" ind2=" "><subfield code="a">Walker Art Center</subfield><subfield code="e">Veranstalter</subfield><subfield code="4">orm</subfield><subfield code="e">Herausgebendes Organ</subfield><subfield code="4">isb</subfield></datafield><datafield tag="852" ind1="4" ind2=" "><subfield code="a">CH-000273-5</subfield><subfield code="c">D 2025/0145</subfield></datafield></record></collection>